Quilted sightings a women & gender studies reader: sights (Record no. 2651)

MARC details
000 -LEADER
fixed length control field 00518nam a22001817a 4500
003 - CONTROL NUMBER IDENTIFIER
control field URS
005 - DATE AND TIME OF LATEST TRANSACTION
control field 20220114142225.0
008 - FIXED-LENGTH DATA ELEMENTS--GENERAL INFORMATION
fixed length control field 191118s2002 ph |||| |||| 00| 0 eng d
020 ## - INTERNATIONAL STANDARD BOOK NUMBER
International Standard Book Number 9719146885
040 ## - CATALOGING SOURCE
Language of cataloging eng
Transcribing agency URS
Modifying agency rda
050 14 - LIBRARY OF CONGRESS CALL NUMBER
Classification number HQ 1757
Item number .F8197 2002
100 ## - MAIN ENTRY--PERSONAL NAME
Personal name Francisco, Josefa S.
245 10 - TITLE STATEMENT
Title Quilted sightings a women & gender studies reader: sights
Statement of responsibility, etc. Josefa s. Frnacisco, Cezar R. Tigno
260 ## - PUBLICATION, DISTRIBUTION, ETC.
Name of publisher, distributor, etc. Women Gender Institute;
Date of publication, distribution, etc. [2002]
300 ## - PHYSICAL DESCRIPTION
Dimensions 23 cm
700 ## - ADDED ENTRY--PERSONAL NAME
Personal name Tigno, Cezar R.
942 ## - ADDED ENTRY ELEMENTS (KOHA)
Source of classification or shelving scheme Library of Congress Classification
Koha item type Filipiniana
Holdings
Withdrawn status Source of classification or shelving scheme Damaged status Not for loan Collection code Home library Current library Shelving location Date acquired Total Checkouts Full call number Barcode Date last seen Price effective from Koha item type
  Library of Congress Classification     Non-fiction Cainta College Library Cainta College Library On Display 11/18/2019   HQ 1757.F8197 2002 URSCAI-4465 11/04/2016 11/04/2016 Filipiniana

University of Rizal System
Email us at univlibservices@urs.edu.ph

Visit our Website www.urs.edu.ph/library